Double A Answers - Statistics

General Stats
  • This quiz has been taken 35,385 times
    18,946 since last reset
  • The average score is 11 of 20
Answer Stats
Hint Answer % Correct
Common male first name starting with AA Aaron
91%
The first animal in the dictionary Aardvark
84%
South African language similar to Dutch Afrikaans
77%
Flatbread common in Indian cuisine Naan
76%
Capital of Mongolia Ulaanbaatar
76%
Term for a Middle-Eastern marketplace Bazaar
71%
Timon's best friend Pumbaa
69%
Tanzania's largest city: Dar es _____ Salaam
67%
City in Netherlands which an African-American neighborhood in New York is named for Haarlem
60%
Former Swedish auto maker Saab
55%
Siblings Jake and Maggie Gyllenhaal
50%
Dutch territory in the Caribbean: Sint _______ Maarten
49%
African-American holiday invented in 1966 as an alternative to Christmas Kwanzaa
46%
Son of Abraham who God initially demanded as a sacrifice Isaac
45%
Small black cubic building at the center of Islam's holiest mosque Kaaba
42%
Actor who starred as Sonny Corleone in "The Godfather" James {Caan}
39%
Princess Leia's home planet Alderaan
32%
Cattle-herding ethnic group of Tanzania and Kenya Maasai
27%
Dutch version of Santa Claus Sinterklaas
23%
Province of the Philippines which was the site of the "Death March" in WWII Bataan
16%
No matching quizzes found
Score Distribution
Percent of People with Each Score
Percentile by Number Answered
Your Score History
You have not taken this quiz since the last reset